000
00320nam a22001337a 4500
005
20180628203016.0
008
180628b xxu||||| |||| 00| 0 eng d
041
_a
eng
100
_a
SINGH AVTAR
_9
4276
245
_a
CONTRACT AND SPECIFIC RELIEF
260
_a
LUCKNOW
_b
E.B.C.(P) LTD
_c
2018
300
_a
984p,
942
_c
BK
999
_c
5704
_d
5702